[Event "Croatia GCT"]
[Site "Zagreb"]
[Date "2019.07.01"]
[Round "6"]
[White "So, Wesley"]
[Black "Mamedyarov, Shakhriyar"]
[Result "1-0"]
[WhiteElo "2754"]
[BlackElo "2774"]
[Annotator "Mikhalchishin,A"]
[PlyCount "58"]
[EventDate "2019.06.26"]
[EventType "tourn"]
[EventRounds "11"]
[EventCountry "CRO"]
[EventCategory "22"]
[SourceTitle "CBM 191"]
[Source "ChessBase"]
[SourceDate "2019.08.31"]
[SourceVersion "1"]
[SourceVersionDate "2019.08.31"]
[SourceQuality "1"]

1. Nf3 Nf6 2. c4 g6 3. Nc3 Bg7 4. e4 e5 5. Nxe5 {It is necessary to take the
pawn.} ({Black obtained a great central counterattack after} 5. d4 exd4 6. Nxd4
O-O 7. Be2 Re8 8. f3 c6 9. Nc2 d5 10. cxd5 cxd5 11. Nxd5 Nxd5 12. Qxd5 Qc7 $1
13. Qc4 Nc6 14. Ne3 Be6 15. Qc2 Be5 16. g3 Bxg3+ 17. hxg3 Qxg3+ 18. Kd1 Rad8+
19. Bd2 Nd4 20. Nf1 Nxc2 21. Nxg3 Nxa1 22. e5 Bxa2 23. f4 Nb3 24. Ne4 Rxd2+ {
0-1 (24) Santasiere,A-Marshall,F New York,NY 1941}) 5... O-O ({Not logical is
regaining the pawn with} 5... Nxe4 6. Nxe4 Bxe5 7. d4 (7. g3 Qe7 8. d4 Bg7 9.
Bg2 f5 $2 (9... Qb4+ $142 10. Nd2 O-O 11. O-O d6 12. a3 Qb6) 10. Bg5 Qe6 11.
O-O fxe4 12. Bxe4 c6 13. d5 Qe5 14. Bxg6+ hxg6 15. Re1 {1-0 (15) Epishin,V 
(2590)-David,A (2525) Montpellier 1998}) 7... Bg7 8. Bg5 (8. Be3 d5 9. cxd5
Qxd5 10. Nc3 Qa5 11. Bc4 O-O 12. O-O Qb4 13. Bb3 Be6 14. Bxe6 fxe6 15. Qg4 Qd6
16. Ne4 Qd5 17. Ng5 {with a slight advantage, Fridman,D (2660)-Mamedyarov,S 
(2747) Jurmala 2012.}) 8... f6 9. Be3 O-O 10. Nc3 (10. Qd2 d5 11. Nc3 c6 12.
cxd5 cxd5 13. g3 Nc6 14. Bg2 Be6 15. O-O Qd7 16. Rfe1 Rfe8 {and Black is just
slightly worse, Franco Ocampos,Z-Ricardi,P/Buenos Aires 1988.}) 10... f5 (10...
d6 11. g3 Bd7 12. Bg2 Qc8 13. Nd5 Nc6 14. O-O Rf7 15. Rc1 Ne7 16. Nxe7+ Rxe7
17. Qb3 c6 18. Bf4 {with strong pressure, Keene,R-Miles,A Hastings 1974.}) (
10... Nc6 11. Qd2 ({White got a better position after} 11. d5 {in the game
Timman,J-Aronian,L /FIDE-Wch 1999/CBM 72 [Mikhalevski V.]}) 11... a6 (11... f5
12. d5 (12. g3 $5) 12... Ne5 13. Be2 $14) (11... d6 {will probably lead to a
same position in the game.}) 12. Be2 d6 13. h4 f5 ({In case of} 13... h5 {
white will castle queenside} 14. O-O-O {/\ f3 and g4 creating an attack. Black
will have to play f5 anyway.}) 14. g3 ({Possible was} 14. d5 Ne5 15. h5 Ng4 16.
Bxg4 fxg4 17. hxg6 hxg6 18. O-O-O $14) 14... h5 15. O-O-O Kh7 ({Attention
deserved} 15... b5 {- a typical pawn sacrifice in the King's Indian opening.}
16. cxb5 axb5 17. Bxb5 Bb7 {Black has some compensation for a pawn, however,
White should be better in this case as well.}) 16. Nd5 {White keeps central
initiative, Lopez Martinez,J (2474)-Mamedyarov,S (2503) Leon 2001}) 11. g3 Nc6
12. Qd2 $5 b6 13. O-O-O Bb7 14. Bg2 Na5 15. Bxb7 Nxb7 16. Rhe1 Nd6 17. Bg5 Nxc4
18. Bxd8 Nxd2 19. Be7 Nf3 20. Bxf8 Kxf8 21. Re2 Nxd4 {with equal play,
Chekhover,V-Lisitsin,G Moscow (Russia) 1936}) ({Dubious was} 5... Qe7 $6 6. Nf3
Nxe4 7. Nd5 Qd8 8. d3 (8. Qe2 $2 O-O) 8... Nf6 9. Qe2+ Kf8 10. Nxf6 Bxf6 11.
Bh6+ Bg7 12. Qd2 $16 {1-0 Sorokin,M-Alonso,S/Buenos Aires 1998}) 6. Nf3 ({
Weaker was} 6. Be2 Re8 7. Nf3 (7. d4 d6 8. Nf3 Nxe4 9. Nxe4 Rxe4 10. O-O Bg4
11. Be3 Nc6 12. h3 Bd7 13. d5 Ne5 14. Nxe5 Bxe5 15. Qd2 Bg7 16. Bd3 Re8 17. Bg5
Bf6 {and Black equalised, Saric,A (2533)-Ragger,M (2687) Skopje MKD 2018.})
7... Nxe4 8. O-O d6 9. Nxe4 Rxe4 10. d3 Re8 11. d4 Nc6 12. Be3 Bg4 13. h3 Bxf3
14. Bxf3 Qh4 {with real counterplay, Cheparinov,I (2709)-Dubov,D (2703) St
Petersburg RUS 2018}) 6... Re8 7. Bd3 $5 {New way,as stubbornly keeping the
pawn promises Black serious counterplay in the center,} (7. d3 d5 8. cxd5 Nxd5
9. Nxd5 Qxd5 10. Be2 Qd6 11. O-O c5 (11... Bg4 12. Ng5 Bxe2 13. Qxe2 Nc6 14.
Be3 Rad8 15. Rfd1 h6 16. Nf3 f5 17. Qc2 $16 {Lenic,L (2648)-Bertagnolli,A 
(2343) Civitanova Marche 2015}) 12. Qc2 Nc6 13. Be3 b6 14. Rad1 (14. a3 Bg4 15.
Ng5 Be6 16. Nxe6 Qxe6 17. Kh1 Rad8 18. f4 Bd4 19. f5 Qe7 {The control over the
d4 square guarantees compensation for the pawn, Aronian,L (2784)-Grischuk,A 
(2752) chess.com INT 2016.}) 14... Be6 15. Qb1 h6 16. Rfe1 Rad8 17. h3 Kh7 18.
Bf1 Re7 19. Bd2 Red7 20. Bc3 Qf8 21. Qc2 Nd4 22. Nxd4 Bxd4 {with the same
compensation, Svane,R (2591)-Duzhakov,I (2441) Riga LAT 2018.}) 7... Nxe4 ({
There were two more natural active options:} 7... b5 $5) ({and} 7... d5 8. cxd5
Bf5 9. Qe2 c6 10. d6 Qxd6 11. O-O b5) 8. Bxe4 Bxc3 9. dxc3 Rxe4+ 10. Be3 d6 {
[#]} 11. c5 ({Another way was promising not too much:} 11. Qd5 Bf5 12. Qxb7 Nd7
13. O-O Rb8 14. Qxa7 Ra8 15. Qb7 Rb8 16. Qc6 Rg4 $1) 11... d5 ({A lot of
problems were with isolani} 11... Nc6 12. cxd6 cxd6 13. O-O Bg4 14. h3 Bxf3 15.
Qxf3 d5 16. Rad1) 12. h3 $1 {So is known for very technical prophylactical
play.} ({Serious counterplay was after careless} 12. O-O Bg4 13. Qb3 Bxf3 14.
gxf3 Re5 15. Qxb7 Nd7 16. b4 Rf5) 12... b6 13. O-O Bb7 14. Re1 ({Or} 14. Nd2
Re8 15. b4) 14... Nd7 15. Nd2 (15. b4) 15... Re8 16. Nb3 Qh4 17. Qd2 f6 ({
More logical was} 17... Qa4) 18. f4 Qh5 19. Bf2 g5 {[#]} ({Probably it was
necessary to sacrifice a pawn, hoping for opposite-coloured bishops:} 19... d4
20. Qxd4 Nxc5 21. Nxc5 Qxc5 22. Qxc5 bxc5 23. Bxc5) 20. c6 $1 {So starts a
little combination with a pawn sacrifice.} Bxc6 21. Nd4 Bb7 22. Nb5 Rxe1+ ({
A very difficult ending for Black would arise after} 22... Rac8 23. Nxa7 Rcd8
24. fxg5 Qxg5 25. Qxg5+ fxg5 26. Nb5 c5 27. Rxe8+ Rxe8 28. Nd6 Rb8 29. Re1) 23.
Rxe1 Re8 24. Nxc7 Rxe1+ 25. Qxe1 d4 (25... Qf7 26. Ne8 {did not help.}) 26. Qe7
{Now Black is helpless.} Qf7 27. Qd8+ Nf8 28. Bxd4 gxf4 29. Ne8 Ne6 {Material
losses are inevitable.} 1-0

[Event "Cutro 06th"]
[Site "Cutro"]
[Date "2000.04.28"]
[Round "2"]
[White "Timoscenko, Gennadij A"]
[Black "Ristic, Nenad"]
[Result "1-0"]
[WhiteElo "2519"]
[BlackElo "2435"]
[Annotator "Mikhalevski,V"]
[PlyCount "61"]
[EventDate "2000.04.27"]
[EventType "tourn"]
[EventRounds "9"]
[EventCountry "ITA"]
[EventCategory "9"]
[SourceTitle "CBM 077"]
[Source "ChessBase"]
[SourceDate "2000.07.27"]
[SourceVersion "1"]
[SourceVersionDate "2000.07.27"]
[SourceQuality "1"]

1. Nf3 Nf6 2. c4 g6 3. Nc3 d5 4. Qa4+ Bd7 5. Qb3 dxc4 6. Qxc4 Bg7 $6 {Perhaps
this natural move is an inaccuracy.In my opinion Black should look for
equality developing queen side.} (6... a6 $5) (6... Nc6 $5) 7. e4 $1 O-O (7...
Bc6 {is a playable alternative,but black is a bit passive.}) 8. e5 Ng4 (8...
Ne8 {was also played,but black wasn't very successful with it.}) 9. d4 Nc6 {
This Shirov's attempt to improve on black's play seems to be insufficient for
equality.} (9... Be6 10. d5 Bf5 11. Bf4 Nd7 12. Qe2 f6 13. e6 Nde5 (13... Nc5
$6 14. Qc4 b6 15. Nd4 Ne5 16. Bxe5 fxe5 17. Nc6 Qe8 18. b4 Nb7 19. Nb5 Rc8 20.
Nbxa7 Ra8 21. Nb5 Rc8 22. Rc1 Nd6 23. Nxd6 cxd6 24. Be2 $18 {1-0 Drogoon,
A-Vorobiov,E/RUS-Cup02/1998 (30)}) 14. Rd1 $1 {This seems to be the
key-position of 6...Bg7 See Rustemov-Zezulkin Swidnica 1999/CBM71[Mikhalevski]}
) 10. h3 $146 ({In the origin-game White obtained a clear edge after} 10. Bf4
Na5 (10... a5 $5 {Ftacnik} 11. h3 Nb4 12. Rc1 Nh6 13. d5 c6 $132) 11. Qe2 $1 c5
12. h3 cxd4 (12... Nh6 {Ribli} 13. dxc5 (13. d5 {Ftacnik})) 13. Nxd4 Nh6 14.
Rd1 $1 {Ivanchuk-Shirov,Rubinstein mem 1998/CBM67[Ribli]}) 10... Nh6 11. Bf4
Na5 (11... Nf5 12. d5 Na5 (12... Nb8 13. O-O-O) 13. Qd3 $1 {[%csl Ra5,Rf5]
[%cal Gb2b4,Gg2g4]} c5 $8 (13... b6 14. g4 Bh6 (14... Nh6 15. Qe3 {[%csl Rh6]})
15. Bh2 $1 Ng7 16. g5 $18) 14. g4 Nd4 (14... Bh6 15. Bxh6 Nxh6 16. Qe3 {
[%csl Rc5,Rh6]} Kg7 17. Qxc5 b6 18. Qd4 $18) (14... Nh6 15. Qe3 $18 {[%csl Rh6]
}) 15. Nxd4 cxd4 16. Qxd4 f6 17. Rd1 $1 $16 {[%cal Ge5e6]}) 12. Qe2 f6 $2 {
[%mdl 16384]} (12... c5 {would transpose to a bad edition of Ivanchuk-Shirov.}
13. dxc5 {Ribli} (13. d5 {Ftacnik})) ({I think} 12... Bc6 {was the only chance
to create some counterplay} 13. Rd1 $1 {[%cal Gd4d5]} e6 $5 (13... Bd5 14. Nxd5
Qxd5 15. b4 Nc6 16. b5 Nd8 (16... Nb4 17. a3 Na2 18. Qc2 $1) 17. Qc2 Ne6 18.
Bc4 Qd7 19. Bh2 $16) 14. d5 $5 exd5 (14... Bxd5 15. Nxd5 exd5 16. Qd2 $18 {
[%csl Ra5,Rh6]}) 15. b4 Nc4 16. b5 Bd7 17. Bxh6 (17. Nxd5 c6 18. Qxc4 cxd5 19.
Qxd5 Be6 20. Qxb7 Qa5+ 21. Bd2 Qxa2) 17... Bxh6 18. Nxd5 {[%csl Rc4][%cal
Gd5f6]} Bxb5 $1 (18... Nb6 19. Nf6+ Kh8 (19... Kg7 20. Qb2) 20. Rd4 Qe7 21. Rh4
Qa3 (21... Kg7 22. Qe3 $18) 22. Qe3 $3 Qxe3+ 23. fxe3 Kg7 24. Ng4 $1 $18 {
[%csl Rh6]}) 19. Nf6+ Qxf6 20. exf6 Rfe8 $132) 13. O-O-O $5 (13. d5 $5 fxe5 14.
Bxe5 $16 {[%csl Ra5,Re7,Rg8]} (14. Bxh6 Bxh6 15. b4 {[%csl Ra5]} c5 $1 16. bxa5
Qxa5 17. Qb2 e4 18. Nd2 e3 $13)) 13... fxe5 14. Bxe5 Bf6 15. d5 {[%csl Ra5]
[%cal Gb2b4]} b6 16. Nd4 $16 {White is clearly better as all his pieces
dominate on their contraries.} Qc8 17. Qe3 $1 Nf7 (17... Bxe5 $142) 18. Bxf6
exf6 19. Ne6 Bxe6 $8 (19... Re8 20. Ne4 $18 {[%csl Rf6]}) 20. dxe6 Nd6 21. e7
Rf7 ({More stubborn was} 21... Re8 {but after} 22. Nd5 Kg7 23. g4 $1 $16 {
[%csl Rg7] White's win is only a matter of time.}) 22. Rxd6 $1 {[%mdl 64] With
the help of this simple tactical blow White wins at least a piece.} (22. Bb5 $5
) 22... cxd6 23. Bb5 $18 Qb7 (23... Nc6 24. e8=Q+ Qxe8 25. Qxe8+ Rxe8 26. Bxc6
$18 {[%csl Rf7,Rg8][%cal Gc6d5]}) 24. e8=Q+ Rxe8 25. Qxe8+ {The rest doesn't
deserve any comments.} Kg7 26. Qe4 Qc8 27. Rd1 a6 28. Be2 Qc5 29. Qd4 b5 30.
Qxc5 dxc5 31. Rd6 1-0

[Event "Ubeda op 5th"]
[Site "Ubeda"]
[Date "2000.01.20"]
[Round "2"]
[White "Gallego Jimenez, Victoriano"]
[Black "Yandemirov, Valeri"]
[Result "1/2-1/2"]
[WhiteElo "2359"]
[BlackElo "2472"]
[Annotator "Mikhalevski,V"]
[PlyCount "111"]
[EventDate "2000.01.19"]
[EventType "swiss"]
[EventRounds "10"]
[EventCountry "ESP"]
[SourceTitle "CBM 075"]
[Source "ChessBase"]
[SourceDate "2000.04.05"]
[SourceVersion "1"]
[SourceVersionDate "2000.04.05"]
[SourceQuality "1"]

1. c4 Nf6 2. Nf3 g6 3. Nc3 d5 4. cxd5 Nxd5 5. Qa4+ Bd7 6. Qh4 Nxc3 7. dxc3 Nc6
8. e4 e5 9. Bg5 Be7 10. Bc4 Bxg5 $2 {[%mdl 8192] Unfortunate reaction.Black
gets an endgame a pawn down by force.So far 10...h5!(A.Greenfeld) leads to an
equal endgame.} (10... h5 $1 {See Piket-Mikhalevski,V Belgrad 1999/CBM69
[Mikhalevski V]}) (10... h6 $5) 11. Nxg5 (11. Qxg5 $6 Qxg5 12. Nxg5 Nd8 13.
O-O-O f6 14. Nf3 Ke7 $11 {1/2-1/2 Grunberg,M-Szeberenyi,A/Budapest 1998/EXT
2000 (44)}) 11... h6 12. Bxf7+ Kf8 13. O-O-O $1 {The most simple way to refuse
Black's idea.} (13. Be6 {is also interesting and probably sufficient for
recieving an adge.} Kg7 14. Rd1 $1 (14. Bxd7 hxg5 15. Qg4 Rh4 16. Qe6 Rxe4+ 17.
Kf1 Qe7 18. Qxe7+ Nxe7 19. f3 Rf4 20. Kf2 Raf8 21. Rhe1 e4 22. Kg1 Nd5 23. Rad1
exf3 24. gxf3 c6 25. Be6 Rxf3 26. Bxd5 cxd5 27. Rxd5 $11 {1/2-1/2 Sebenik,
M-Zvan,Z/Rogaska Slatina 1998/EXT 2000 (33)}) 14... Nd4 15. Qg3 $1 Nc2+ 16. Ke2
Bb5+ 17. c4 Qxg5 18. cxb5 Qxg3 19. hxg3 Nd4+ 20. Rxd4 exd4 21. Rc1 Kf6 22. Bd5
c6 23. bxc6 Rac8 24. b4 bxc6 25. Bxc6 Rc7 26. b5 Rb8 27. a4 a6 28. Rc4 axb5 29.
axb5 $16 {1-0 Belotelov,D-Szeberenyi,A/Budapest 1999/EXT 2000 (45)}) ({But not
} 13. Ne6+ $4 Bxe6 14. Qxd8+ Nxd8 $19 {[%cal Gd8e6]}) 13... Qxg5+ $8 (13... Kg7
$2 {is impossible in view of} 14. Ne6+ $18 {[%csl Rd8][%cal Gd1d8]}) (13...
hxg5 $2 {also can't satisfy black.} 14. Qxh8+ Kxf7 15. Rxd7+ (15. Qh7+ $5)) 14.
Qxg5 hxg5 15. Rxd7 Rh7 16. Be6 Rxd7 17. Bxd7 $16 {Is this the position Black
was striving to?White is a pawn up and has good chances to convert his
advantage into a full point.} Ne7 18. Be6 (18. h4 $5 $16 {seems to be the
right way of making use of an extra pawn on the king side}) 18... Rd8 19. Rd1
$6 {[%mdl 16384] I think White should keep the rooks as after the exchange it
will not be simple to break through on the king side.} ({After} 19. Re1 {
[%cal Ge1e3,Ge3g3] the following play is possible} Rd6 20. Bb3 Rf6 21. Re2 {
[%cal Gc1d2,Gd2e1,Ge2e3,Ge3g3]} Rd6 22. Re3 Rf6 {and it's difficult to make
progress}) (19. h4 $5 {is still looks promising}) 19... Rxd1+ 20. Kxd1 Kg7 21.
b4 {It's useful to take some space on the queen side,but I think it was more
important to try solving the problem of the king side.For this purpose plan
Ke2-e3(f3-g4 if necessary),then g3 and h4 following by f4 seems to be the
right one.Certainly the realization of this plan is not so simple,but White
should try it as soon as possible.} Kf6 22. Bd7 Ng8 $1 {[%cal Gf6e7,Gg8f6]
Preparing Ke7 following by Nf6 Black makes the advances h4 and f4 more
difficult.} 23. Bc8 b6 24. Ke2 Ke7 {[%cal Gg8f6] Bringing the knight into play}
25. Kd3 (25. Ke3 $5) 25... Nf6 26. f3 ({I would prefer} 26. h3 {following by
g3 and h4 and leaving the f3 square available for the white king}) 26... c6 27.
Bb7 (27. Ke3 $5 {[%cal Ge3f2,Gf2g3,Gh2h4]}) 27... Kd7 28. Ba6 Ne8 29. Bc4 Nd6
30. Bb3 Ke7 {Now it becomes clear that advance b2-b4 was an inaccuracy as
white king is linked to the c3 pawn and can't help on the king side(Ke3 will
be met by Nb5)} 31. g3 Kf6 32. Ba4 c5 33. bxc5 (33. Bd1 $1 {[%cal Gd1e2] was
probably the right plan with the idea 34.Be2 taking under control squares c4
and b5 and preparing Ke3 following by h4 and finally f4 creating an extra pawn.
}) 33... bxc5 34. Bb3 Ke7 35. Bd5 Kf6 36. Bc6 (36. Kc2 {[%cal Gc2b3,Gb3a4,
Ga4a5,Ga5a6] with the idea Kc2-b3-a4 was interesting,but Black can stop white
king with} Nc8 $1 {[%csl Ga4][%cal Gc8b6] with the idea Nb6 covering the
a4-square}) 36... Ke7 37. Ba4 Kf6 38. Bd7 Ke7 39. Bc6 Kf6 40. Bd5 Ke7 41. h3 $6
{Strange decision.White pawns should stay on the black squares.In my opinion
he was still able to go back to above mentioned plan(Bd5-b3-d1-e2 and so on).}
Kf6 42. Bc4 Ke7 43. Ba6 Kd7 {Black is careful.White was preparing Kd3-c2-b3-a4.
} (43... Kf6 44. Kc2 Ke7 45. Kb3 Kd7 46. Ka4 Kc6 47. Ka5) 44. Kc2 {I think
White still should bring his bishop to e2.} c4 {[%csl Ra6][%cal Gd7c6,Gc6b6]
Suddenly White's bishop gets in a serious danger.Black is threatening Kc6-b6.
So next white moves are obligatory.} 45. a4 $8 Kc6 46. a5 Kd7 47. Kb2 Kc6 48.
Ka3 Kc5 49. Ka4 {Black finally must free White's bishop.} Ne8 ({An attempt of} 
49... g4 50. hxg4 g5 {looks dangerous as White can bring his king back to e3
and prepare f4.} 51. Ka3 {[%cal Ga3b2,Gb2c2,Gc2d2,Gd2e3,Gf3f4]}) 50. Bc8 Nf6 {
[%cal Gf6h5]} 51. g4 {The result of inaccuracy on the 41-th move.Look on the
White's king side pawns.This is the example where the pawns shouldn't be.
(Pawns should stand on the squares of the opposite to your bishop colour)} Ne8
{[%csl Ge5,Gg5]} 52. Bd7 ({Or} 52. Be6 Nc7 {[%cal Gc7b5]} 53. Bd7 Kd6 54. Bc8
Kc5 $11) 52... Nc7 53. Ka3 Kd6 54. Ba4 Kc5 55. Bd7 Nb5+ 56. Bxb5 (56. Bxb5 {
Now draw is inevitable.For instance} Kxb5 57. a6 Ka5 58. Kb2 Kxa6 59. Ka3 Kb5
60. Kb2 Ka4 61. Ka2 {and waiting on the squares b2 and a2 White keeps the
position.}) (56. Kb2 Nc7 $11 {[%cal Gc5d6]}) 1/2-1/2

[Event "Elgoibar 09th"]
[Site "Elgoibar"]
[Date "1999.??.??"]
[Round "1"]
[White "Ubilava, Elizbar"]
[Black "Fernandes, Antonio ETG"]
[Result "0-1"]
[WhiteElo "2556"]
[BlackElo "2438"]
[Annotator "Mikhalevski,V"]
[PlyCount "75"]
[EventDate "1999.11.??"]
[EventType "tourn"]
[EventRounds "9"]
[EventCountry "ESP"]
[EventCategory "9"]
[SourceTitle "CBM 075"]
[Source "ChessBase"]
[SourceDate "2000.04.05"]
[SourceVersion "1"]
[SourceVersionDate "2000.04.05"]
[SourceQuality "1"]

1. c4 Nf6 2. Nf3 g6 3. Nc3 d5 4. cxd5 Nxd5 5. Qa4+ c6 ({In my opinion} 5... Bd7
{is better.}) 6. Qd4 {This move has been known from the distant 1937.Alekhin
as white was trying to make use of the not best 5-th and 6-th black's moves.
See the game below.} f6 (6... Nf6 $6 {Not very fortunate alternative of 6...f6}
7. Qxd8+ Kxd8 8. d4 b6 9. e4 Nfd7 10. Bc4 Ke8 11. Bf4 Ba6 12. Bb3 e6 13. O-O-O
{with clear adge for White.1/2-1/2 Alekhine,A-Rellstab,L/Kemeri 1937/HCL (50)})
7. e4 {The idea of the previous move.White is aiming to get a better endgame
thanks to the strong pawn center.} e5 {The most general reaction as the
endgame is clearly in the White's favour.} ({Almost all knight retreats were
also tried on practice,but can't be recommended:} 7... Nb6) (7... Nc7) (7...
Nxc3) 8. Nxe5 ({The very rare} 8. Qd3 {is another option.}) 8... Nxc3 9. Qxc3 (
9. Qxd8+ $2 Kxd8 10. Nf7+ Ke8 11. Nxh8 Nxe4 12. Bc4 Nd6 13. Bb3 Bg7) 9... Qe7
$1 10. Nf3 (10. Nc4 Qxe4+ 11. Kd1 (11. Ne3 $5 {0-1 Truta,S-Dobos,J/Budapest
1993/EXT 97 (38)}) 11... Kf7 12. b3 Be6 13. Bb2 Nd7 14. Bd3 Qd5 15. Re1 b5 16.
Be4 Qc5 17. d4 Qh5+ 18. g4 Bxg4+ 19. f3 $36 {1-0 Mohr,G-Kozul,Z/Maribor 1993/
CBM 36 (30)}) 10... Qxe4+ 11. Be2 Nd7 {[%cal Gf8b4]} (11... Bg7 12. O-O O-O 13.
Bc4+ Kh8 14. Re1 Qg4 15. Re7 Qh5 16. d4 Nd7 17. Qa3 Nb6 18. Rxg7 $1 {1-0 Kuzev,
J-Dovramadjiev,T/Shumen 1997/EXT 98 (18)}) 12. O-O (12. a3 $5 {deserves a
serious attention.Preventing Bb4 White develops strong initiative.} Be7 13. d3
Qd5 14. Bh6 Qf7 15. O-O Nb6 16. Ng5 Qg8 17. Bf3 fxg5 18. Bg7 Be6 19. Bxh8 O-O-O
20. Be5 $18 {1-0 Horvath,G-Thiel,T/Balatonbereny 1994/EXT 97 (28)}) (12. d4 Nb6
13. O-O Qd5 14. Re1 Kf7 15. Bd1 Qd6 16. Bb3+ Nd5 17. Nd2 Be6 18. Qf3 Qb4 19.
Re4 Re8 20. a3 Qb5 21. Nc4 Bg4 22. Qxg4 Rxe4 23. Qxe4 Qxb3 $15 {1-0 Ivanov,
M-Krupkova,P/Aaland-Stockholm 1997/EXT 98 (41)}) 12... Bb4 13. Qb3 (13. d3 $5
Qe7 14. Qc2 Nb6 15. Bh6 Be6 16. Nd4 O-O-O 17. Nxe6 Qxe6 18. Bf3 g5 $13 {
0-1 Kohlweyer,B-Kozul,Z/Frankfurt 1990/CBM 20/[Ribli] (54)}) (13. Qc4 Qxc4 14.
Bxc4 Nb6 15. Re1+ Kf8 16. Bb3 Kg7 17. a3 Bd6 18. d3 Bg4 19. Nd4 Rhe8 20. Be3
Rad8 21. h3 Bc8 22. Nf3 Bb8 $15 {1/2-1/2 Giemsa,S-Roese,O/Germany 1991/GER-chT
(64)}) (13. Qe3 Qxe3 14. dxe3 Nb6 15. Rd1 Be6 $11 {1/2-1/2 Franco Ocampo,
Z-Krupkova,P/Montecatini Terme 1998/EXT 2000 (56)}) 13... Nc5 14. Qd1 {I was
very surprised when I found out that all this has already been played.Maybe
Ubilava was not less surprised than me checking the line after the game!} Nd3
$1 $146 {Only this move is new and seems to be very strong novelty.Black
blockes the development of the queen side and forces White to exchange his
white-squared bishop to free himself.} ({In the only previous game Black tried
} 14... Be6 15. d3 Qd5 16. Be3 Nd7 17. Qa4 Be7 18. Nd4 Bf7 19. Bf3 Nb6 20. Qc2
Qd7 21. Rfe1 O-O 22. Nb3 Bd5 23. Bxb6 axb6 24. Bxd5+ cxd5 25. Nd4 Bc5 26. Ne6
Rfe8 27. Nxc5 Rxe1+ 28. Rxe1 bxc5 29. Qxc5 Rxa2 30. h3 Kf7 $11 {1-0 Horvath,
G-Gorjatschkin,W/St Ingbert 1991/EXT 97 (56)}) 15. Bxd3 (15. Ne1 $5 {Looks
better in order to exchange undeveloped bishop instead of remaining with the
necessity of its development.} Nxc1 16. Rxc1 Be6 17. Bf3 {[%cal Ge1c2,Ge1d3,
Gd1e2]}) 15... Qxd3 16. Re1+ Kf7 17. b3 Bf5 $17 {[%csl Gb4,Rd2,Gf5] The pair
of bishops and a weakness on d2 allow to evaluate the position as clear
advantage for Black.} 18. Bb2 Rhe8 19. a3 Rxe1+ 20. Qxe1 Re8 21. Qc1 Ba5 22.
Qc5 Bb6 23. Qc3 Qxc3 24. Bxc3 {Queens exchange doesn't bring relief.} Rd8 25.
Re1 g5 $1 {Taking space on the king side.} 26. h3 h5 27. Nh2 {[%cal Gh2f1,
Gf1e3]} Rd3 28. Nf1 Be6 29. b4 f5 {[%csl Rf1][%cal Gf5f4]} 30. Ne3 f4 31. Nd1 {
Despite Black's advantage is clear White's position is still very firm.} Bb3 (
31... Rd7 $5 32. Re5 $140 Rd5) 32. Nb2 Rd6 33. h4 Kg6 $2 {[%mdl 16384]
Following play can be explained by time-trouble.} (33... gxh4 $142 34. Re4 f3
$1 35. Rf4+ (35. Rxh4 Rg6 {[%cal Gb3d5]}) 35... Ke7 36. Rxf3 Bd5 37. Rh3 Rg6
38. Rh2 h3 $1 $17) 34. hxg5 Kxg5 35. Re7 Re6 36. Rg7+ Kh6 {[%cal Ge6e1]} 37.
Nd3 (37. Kf1 $5) 37... Bc2 38. Ne5 $4 {[%mdl 8192] Very annoying blunder
especially if we take in cosideration the fact that White is already in
possession of initiative.} (38. Ne5 $4 Kxg7 $19) ({After} 38. Nxf4 Re1+ 39. Kh2
Bxf2 40. Rxb7 {White is better}) 0-1